[Event "Sao Paulo Hebraica op 24th"]
[Site "Sao Paulo"]
[Date "2017.01.15"]
[Round "5"]
[White "Pereira, Jorge Luiz Rodrigue"]
[Black "Kojima, Fukashi"]
[Result "1-0"]
[WhiteElo "1834"]
[BlackElo "1595"]
[PlyCount "103"]
[EventDate "2017.01.13"]
[EventType "swiss"]
[EventRounds "6"]
[EventCountry "BRA"]
[SourceTitle "CBM 176 Extra"]
[Source "ChessBase"]
[SourceDate "2017.03.02"]
[SourceVersion "1"]
[SourceVersionDate "2017.03.02"]
[SourceQuality "1"]

1. d4 d6 2. c4 g6 3. Nc3 Bg7 4. e4 Nf6 5. f4 0-0 6. Nf3 Bg4 7. Bd3 Nc6 8. Be3 Nh5 9. Be2 Nf6 10. 0-0 Bc8 11. Qd2 Ng4 12. Rad1 e6 13. d5 Nxe3 14. Qxe3 Ne7 15. Rfe1 b6 16. Bd3 Bb7 17. dxe6 fxe6 18. Ng5 Qd7 19. Qh3 Bd4+ 20. Kh1 Nc6 21. Qxe6+ Qxe6 22. Nxe6 Rf7 23. Nxd4 Nxd4 24. c5 b5 25. cxd6 cxd6 26. Bb1 Ne6 27. g3 Rd8 28. Nxb5 Rfd7 29. Kg1 a6 30. Nc3 Nc5 31. a3 Kf7 32. Ba2+ Kf6 33. Nd5+ Kg7 34. b4 Na4 35. Bb3 Nb2 36. Rd2 Bxd5 37. exd5 Rc8 38. Rxb2 Rc3 39. Ree2 Kf7 40. Kf2 Rb7 41. Re3 Rc1 42. Ba4 Ra1 43. Bc6 Rb6 44. Rbe2 Rb8 45. Re7+ Kg8 46. Re8+ Rxe8 47. Rxe8+ Kf7 48. a4 Ra2+ 49. Re2 Ra3 50. Rb2 Ke7 51. b5 Rxa4 52. b6 1-0

[Event "Sao Paulo Hebraica op 24th"]
[Site "Sao Paulo"]
[Date "2017.01.14"]
[Round "4"]
[White "Mobaier, Sergio"]
[Black "Pereira, Jorge Luiz Rodrigue"]
[Result "1-0"]
[WhiteElo "2017"]
[BlackElo "1834"]
[PlyCount "85"]
[EventDate "2017.01.13"]
[EventType "swiss"]
[EventRounds "6"]
[EventCountry "BRA"]
[SourceTitle "CBM 176 Extra"]
[Source "ChessBase"]
[SourceDate "2017.03.02"]
[SourceVersion "1"]
[SourceVersionDate "2017.03.02"]
[SourceQuality "1"]

1. d4 Nf6 2. Bf4 d6 3. e3 Nbd7 4. Nf3 g6 5. Be2 Bg7 6. 0-0 0-0 7. h3 c5 8. c3 a6 9. a4 b6 10. Nbd2 Bb7 11. Re1 Rc8 12. Qb3 Qc7 13. Rad1 e5 14. dxe5 dxe5 15. Bh2 Bd5 16. Bc4 Bxc4 17. Nxc4 Rce8 18. Rd2 Ne4 19. Rd5 Re7 20. Red1 Rfe8 21. Nd6 Nxd6 22. Rxd6 c4 23. Qb4 Bf8 24. b3 cxb3 25. Qxb3 Nc5 26. Qxb6 Nxa4 27. Qxa6 Nxc3 28. Rc6 Nxd1 29. Rxc7 Rxc7 30. Bxe5 Rc1 31. g3 Nxe3+ 32. Kh2 Nf1+ 33. Kg2 Bg7 34. Qb5 Rec8 35. Qd7 Bxe5 36. Nxe5 R8c7 37. Qd8+ Kg7 38. Qd4 Kg8 39. Ng4 h5 40. Nf6+ Kf8 41. Nd5 Kg8 42. Nxc7 Rxc7 43. Qd8+ 1-0

[Event "Sao Paulo Hebraica op 24th"]
[Site "Sao Paulo"]
[Date "2017.01.13"]
[Round "2"]
[White "Poeta, Caio Medeiros"]
[Black "Pereira, Jorge Luiz Rodrigue"]
[Result "1-0"]
[WhiteElo "2023"]
[BlackElo "1834"]
[PlyCount "123"]
[EventDate "2017.01.13"]
[EventType "swiss"]
[EventRounds "6"]
[EventCountry "BRA"]
[SourceTitle "CBM 176 Extra"]
[Source "ChessBase"]
[SourceDate "2017.03.02"]
[SourceVersion "1"]
[SourceVersionDate "2017.03.02"]
[SourceQuality "1"]

1. Nf3 Nf6 2. d4 d6 3. c4 Nbd7 4. g3 c5 5. Bg2 g6 6. 0-0 Bg7 7. Nc3 0-0 8. d5 a6 9. e4 Rb8 10. Qe2 Qc7 11. a4 b6 12. h3 Bb7 13. Re1 e5 14. dxe6 fxe6 15. Qd3 Rbd8 16. Bg5 Nb8 17. Rad1 Nc6 18. Qe2 h6 19. Bc1 Nh5 20. Nh4 Kh7 21. Nxg6 Kxg6 22. Qg4+ Kh7 23. Qxh5 Nd4 24. Ne2 e5 25. f4 Bc6 26. f5 Qf7 27. Qxf7 Rxf7 28. Nxd4 exd4 29. b3 Be5 30. Kf2 b5 31. axb5 axb5 32. g4 Ra8 33. h4 bxc4 34. bxc4 Ra2+ 35. Rd2 Ra4 36. g5 hxg5 37. hxg5 Kg8 38. Bf1 Rh7 39. Kf3 Rh1 40. Rg2 d3 41. Bd2 Rxc4 42. Rg4 Rc2 43. Be3 c4 44. Rb1 d2 45. Bxc4+ Rxc4 46. Rxh1 Bc3 47. Rd1 Ba4 48. Rgg1 Bxd1+ 49. Rxd1 Bb4 50. Bxd2 Rd4 51. Ke3 Bc5 52. Rf1 d5 53. exd5 Rxd5+ 54. Ke2 Re5+ 55. Kd3 Rd5+ 56. Kc4 Rxd2 57. Kxc5 Kf7 58. f6 Rg2 59. Rf5 Ra2 60. Kd4 Ra4+ 61. Ke3 Kg6 62. f7 1-0

[Event "Sao Paulo op-B U2050 4th"]
[Site "Sao Paulo"]
[Date "2016.03.26"]
[Round "5"]
[White "Pereira, Jorge Luiz Rodrigue"]
[Black "Tamarozi, Isabelle"]
[Result "0-1"]
[WhiteElo "1850"]
[BlackElo "1961"]
[PlyCount "76"]
[EventDate "2016.03.24"]
[EventType "swiss"]
[EventRounds "7"]
[EventCountry "BRA"]
[SourceTitle "CBM 171 Extra"]
[Source "ChessBase"]
[SourceDate "2016.04.26"]
[SourceVersion "1"]
[SourceVersionDate "2016.04.26"]
[SourceQuality "1"]

1. d4 Nf6 2. c4 g6 3. Nc3 Bg7 4. e4 d6 5. f4 0-0 6. Nf3 Na6 7. Be2 e5 8. dxe5 dxe5 9. Qxd8 Rxd8 10. Nxe5 Nc5 11. Bf3 Be6 12. 0-0 Nfd7 13. Nxd7 Rxd7 14. Be2 Bd4+ 15. Kh1 Bxc3 16. bxc3 Nxe4 17. Bf3 Bxc4 18. Re1 f5 19. Be3 b6 20. Bd4 c5 21. Be5 Bd3 22. g4 Rad8 23. gxf5 gxf5 24. Rg1+ Kf8 25. Rg2 Bc4 26. Rag1 Rd2 27. Bxe4 fxe4 28. Rg5 e3 29. Bg7+ Ke8 30. Re5+ Kf7 31. Rf5+ Ke6 32. Re5+ Kd6 33. Re1 Bd5+ 34. Rxd5+ Kxd5 35. Rxe3 Rg8 36. Re5+ Kc4 37. Re7 Rxa2 38. Kg1 Rd8 0-1

[Event "Sao Paulo op-B U2050 4th"]
[Site "Sao Paulo"]
[Date "2016.03.25"]
[Round "3"]
[White "Pereira, Jorge Luiz Rodrigue"]
[Black "Hayashi, Kaito"]
[Result "1-0"]
[WhiteElo "1850"]
[BlackElo "1539"]
[PlyCount "55"]
[EventDate "2016.03.24"]
[EventType "swiss"]
[EventRounds "7"]
[EventCountry "BRA"]
[SourceTitle "CBM 171 Extra"]
[Source "ChessBase"]
[SourceDate "2016.04.26"]
[SourceVersion "1"]
[SourceVersionDate "2016.04.26"]
[SourceQuality "1"]

1. d4 d5 2. c4 e6 3. Nf3 Nf6 4. Nc3 g6 5. Bg5 Nbd7 6. cxd5 exd5 7. Nxd5 Bg7 8. Nc3 0-0 9. e4 Qe8 10. Bd3 b6 11. 0-0 Bb7 12. Nb5 Qc8 13. Rc1 c6 14. Nd6 Qc7 15. e5 Nd5 16. Be4 h6 17. Bxd5 Ba6 18. Re1 hxg5 19. Nxg5 Nb8 20. Bxf7+ Kh8 21. Bxg6 Bh6 22. Qh5 Kg7 23. Ne6+ Kg8 24. Nxc7 Nd7 25. Qxh6 Nf6 26. exf6 Rxf6 27. Qh7+ Kf8 28. Qh8# 1-0

[Event "Sao Paulo Hebraica 12th"]
[Site "Sao Paulo"]
[Date "2015.08.16"]
[Round "3.5"]
[White "Ribeiro, Marcos Willian de S"]
[Black "Pereira, Jorge Luiz Rodrigue"]
[Result "1-0"]
[WhiteElo "1963"]
[BlackElo "1852"]
[PlyCount "71"]
[EventDate "2015.08.15"]
[EventType "tourn"]
[EventRounds "9"]
[EventCountry "BRA"]
[SourceTitle "EXT 2022"]
[Source "ChessBase"]
[SourceDate "2021.10.06"]
[SourceVersion "1"]
[SourceVersionDate "2021.10.06"]
[SourceQuality "1"]

1. e4 e6 2. d4 d5 3. Nc3 Nf6 4. Bg5 Be7 5. e5 Nfd7 6. Bxe7 Qxe7 7. f4 c5 8. Nb5 Na6 9. Nd6+ Kf8 10. c3 g6 11. h4 h5 12. Nf3 Kg7 13. Ng5 f6 14. exf6+ Nxf6 15. Nxc8 Raxc8 16. Bxa6 bxa6 17. Qe2 Rc6 18. 0-0 cxd4 19. cxd4 Rhc8 20. Rae1 Ne4 21. Nxe4 dxe4 22. g3 Rc2 23. Qxe4 Rxb2 24. Rc1 Qa3 25. Qe5+ Kh7 26. f5 Rxc1 27. fxg6+ Kxg6 28. Qxe6+ Kh7 29. Qf5+ Kg7 30. Qg5+ Kh7 31. Qxh5+ Kg7 32. Qg5+ Kh7 33. Rxc1 Qd6 34. Qh5+ Kg7 35. Qg4+ Kh7 36. Rc5 1-0

[Event "Sao Bernardo do Campo LXSBC op 2nd"]
[Site "Sao Bernardo do Campo"]
[Date "2015.07.25"]
[Round "4"]
[White "Pereira, Jorge Luiz Rodrigue"]
[Black "Yoshioka, Andre"]
[Result "1/2-1/2"]
[WhiteElo "1887"]
[BlackElo "1821"]
[PlyCount "104"]
[EventDate "2015.07.24"]
[EventType "swiss"]
[EventRounds "6"]
[EventCountry "BRA"]
[SourceTitle "EXT 2016"]
[Source "ChessBase"]
[SourceDate "2015.10.08"]
[SourceVersion "1"]
[SourceVersionDate "2015.10.08"]
[SourceQuality "1"]

1. d4 Nf6 2. c4 e6 3. Nf3 Bb4+ 4. Nbd2 Qe7 5. e3 0-0 6. Bd3 d6 7. a3 Bxd2+ 8. Bxd2 e5 9. dxe5 dxe5 10. Be2 c5 11. Bc3 Nc6 12. Qc2 Bg4 13. 0-0 Bh5 14. b4 Bg6 15. Qb2 Bh5 16. Nxe5 Nxe5 17. Bxe5 Bxe2 18. Bxf6 Qxf6 19. Qxe2 cxb4 20. axb4 Qc3 21. Rab1 Rfd8 22. Rfc1 Qf6 23. Rd1 g6 24. Rxd8+ Rxd8 25. Rd1 h5 26. Rxd8+ Qxd8 27. h3 Qd6 28. c5 Qd5 29. Qb2 a5 30. bxa5 Qxc5 31. Qxb7 Qxa5 32. Qb8+ Kh7 33. Qf4 Qd5 34. e4 Qe6 35. g4 hxg4 36. hxg4 Kg7 37. e5 Qb6 38. g5 Qb1+ 39. Kh2 Qd3 40. e6 fxe6 41. Qf6+ Kh7 42. Qf7+ Kh8 43. Qxe6 Kg7 44. Qe7+ Kg8 45. Qe3 Qc2 46. Kg3 Qb1 47. f3 Qc2 48. Qe4 Qc7+ 49. f4 Qf7 50. Qe5 Qb3+ 51. Kh4 Qf7 52. Kg3 Qb3+ 1/2-1/2

[Event "Sao Bernardo do Campo LXSBC op 2nd"]
[Site "Sao Bernardo do Campo"]
[Date "2015.07.24"]
[Round "2"]
[White "Pereira, Jorge Luiz Rodrigue"]
[Black "Yoshioka, Hugo"]
[Result "1/2-1/2"]
[WhiteElo "1887"]
[BlackElo "1571"]
[PlyCount "83"]
[EventDate "2015.07.24"]
[EventType "swiss"]
[EventRounds "6"]
[EventCountry "BRA"]
[SourceTitle "EXT 2016"]
[Source "ChessBase"]
[SourceDate "2015.10.08"]
[SourceVersion "1"]
[SourceVersionDate "2015.10.08"]
[SourceQuality "1"]

1. d4 d5 2. c4 Bf5 3. Nf3 e6 4. Nc3 c6 5. e3 Nf6 6. Be2 Be7 7. 0-0 0-0 8. Nh4 Be4 9. f3 Bg6 10. Nxg6 hxg6 11. e4 Re8 12. Be3 Qb6 13. Qd2 Nbd7 14. e5 Nh7 15. cxd5 exd5 16. f4 f5 17. Bf3 Bb4 18. Qf2 Bxc3 19. bxc3 Ndf8 20. c4 Red8 21. Rab1 Qc7 22. cxd5 cxd5 23. Rfc1 Qf7 24. Qb2 b6 25. Qb5 Rd7 26. Rc6 Rad8 27. Rbc1 Ne6 28. Rc8 Nhf8 29. R8c6 Nc7 30. Qa4 Ne8 31. Kh1 Ne6 32. Qb3 Nf8 33. a4 Nc7 34. a5 b5 35. Qb4 a6 36. Qc5 Nfe6 37. Qb6 Qe7 38. R6c3 Kf7 39. Kg1 Rh8 40. Qc6 Rhd8 41. Qb7 Re8 42. Qb6 1/2-1/2

[Event "Sao Paulo Livraria 3rd"]
[Site "Sao Paulo"]
[Date "2015.05.10"]
[Round "7"]
[White "Caldeira, Adriano"]
[Black "Pereira, Jorge Luiz Rodrigue"]
[Result "1-0"]
[WhiteElo "2214"]
[BlackElo "1875"]
[PlyCount "119"]
[EventDate "2015.05.05"]
[EventType "tourn"]
[EventRounds "9"]
[EventCountry "BRA"]
[SourceTitle "EXT 2016"]
[Source "ChessBase"]
[SourceDate "2015.10.08"]
[SourceVersion "1"]
[SourceVersionDate "2015.10.08"]
[SourceQuality "1"]

1. e4 e6 2. d4 d5 3. Nc3 Bb4 4. Nge2 Nf6 5. e5 Ne4 6. a3 Nxc3 7. bxc3 Be7 8. Ng3 c5 9. Qg4 g6 10. Bd3 c4 11. Be2 Qa5 12. Bd2 Nc6 13. 0-0 h5 14. Qf4 Qa4 15. Ra2 Bd7 16. Rb1 b6 17. f3 Rf8 18. Nh1 0-0-0 19. Nf2 f6 20. exf6 Bxf6 21. Qg3 Rg8 22. Bg5 Rdf8 23. Bxf6 Rxf6 24. f4 Ne7 25. Qe3 Rgf8 26. Nh3 Nf5 27. Qe5 Qa5 28. Rb4 Ne7 29. Qe3 Nf5 30. Qd2 Ne7 31. Rb1 Nf5 32. Rf1 Nd6 33. Ng5 Re8 34. Raa1 Nb5 35. Rf3 Nd6 36. Qe3 Nf5 37. Qe5 Rff8 38. a4 Nh4 39. Rh3 Nf5 40. Bf1 Kb7 41. Nh7 Rf7 42. Nf6 Ree7 43. Nxd7 Rxd7 44. Qxe6 Rfe7 45. Qxg6 Ne3 46. Ra3 Rg7 47. Qxh5 Nxc2 48. Ra2 Ne1 49. Qd1 Rde7 50. Re2 Rxe2 51. Qxe2 Nd3 52. Qd2 Qxa4 53. Bxd3 cxd3 54. Rxd3 Qa1+ 55. Qd1 Qb2 56. Qf3 Qa1+ 57. Rd1 Qa2 58. f5 Qb3 59. f6 Rf7 60. Re1 1-0

[Event "BRA-ch Amateur"]
[Site "Sao Paulo"]
[Date "2015.04.30"]
[Round "1"]
[White "Pereira, Jorge Luiz Rodrigue"]
[Black "Sato, Luiz Henrique Yuzo"]
[Result "1-0"]
[WhiteElo "1875"]
[BlackElo "1240"]
[PlyCount "123"]
[EventDate "2015.04.30"]
[EventType "swiss"]
[EventRounds "7"]
[EventCountry "BRA"]
[SourceTitle "EXT 2022"]
[Source "ChessBase"]
[SourceDate "2021.10.06"]
[SourceVersion "1"]
[SourceVersionDate "2021.10.06"]
[SourceQuality "1"]

1. d4 Nf6 2. c4 e6 3. Nf3 b6 4. a3 Bb7 5. g3 Be7 6. Bg2 d6 7. Nc3 Nbd7 8. 0-0 0-0 9. Re1 e5 10. dxe5 dxe5 11. Nxe5 Nxe5 12. Bxb7 Rb8 13. Bd5 Qd7 14. Bf4 c6 15. Bxe5 Rbd8 16. Bxf6 Bxf6 17. Bg2 Qe6 18. Qa4 Rd4 19. Qxc6 Qxc6 20. Bxc6 Rxc4 21. Bd5 Rxc3 22. bxc3 Bxc3 23. Rac1 Bxe1 24. Rxe1 Rd8 25. Rd1 Kf8 26. Bb3 Rc8 27. Rd7 Rc1+ 28. Kg2 Rc3 29. Rxf7+ Ke8 30. Rf3 Rc5 31. e4 Ke7 32. Rf7+ Kd6 33. Rxa7 Rc3 34. Bd5 Ke5 35. Rb7 Rxa3 36. Rxb6 Ra7 37. Rb7 Rxb7 38. Bxb7 h6 39. f4+ Kf6 40. e5+ Ke7 41. f5 Kf7 42. Bd5+ Ke7 43. Kf3 Kd7 44. f6 gxf6 45. exf6 Ke8 46. Kg4 Kf8 47. Kh5 Ke8 48. Kxh6 Kf8 49. Kg6 Ke8 50. Kg7 Kd7 51. f7 Kd6 52. f8Q+ Kxd5 53. Qe7 Kc6 54. h4 Kd5 55. h5 Kc6 56. h6 Kd5 57. h7 Kc6 58. h8Q Kd5 59. Qhd8+ Kc6 60. Qec7+ Kb5 61. Qdb8+ Ka6 62. Qca7# 1-0

[Event "BRA-ch Amateur"]
[Site "Sao Paulo"]
[Date "2015.04.01"]
[Round "3"]
[White "Pereira, Jorge Luiz Rodrigue"]
[Black "Lopes, Edson"]
[Result "1-0"]
[WhiteElo "1875"]
[BlackElo "1612"]
[PlyCount "91"]
[EventDate "2015.04.30"]
[EventType "swiss"]
[EventRounds "7"]
[EventCountry "BRA"]
[SourceTitle "EXT 2022"]
[Source "ChessBase"]
[SourceDate "2021.10.06"]
[SourceVersion "1"]
[SourceVersionDate "2021.10.06"]
[SourceQuality "1"]

1. d4 d5 2. c4 e6 3. Nf3 Nc6 4. e3 Nf6 5. Nc3 Bb4 6. Qc2 h6 7. Bd3 dxc4 8. Bxc4 Nd5 9. 0-0 Nxc3 10. bxc3 Bd6 11. e4 0-0 12. e5 Be7 13. Qe4 h5 14. Bd3 g6 15. Bh6 Re8 16. Qf4 Bf8 17. Bxf8 Rxf8 18. Qh6 Qe7 19. Ng5 f6 20. Qxg6+ Qg7 21. Qh7+ Qxh7 22. Nxh7 f5 23. Nxf8 Kxf8 24. Rab1 b6 25. Be2 h4 26. Bf3 Bb7 27. Rfd1 Na5 28. Bxb7 Nxb7 29. c4 Na5 30. Rbc1 c6 31. d5 Rd8 32. d6 c5 33. Rd3 Kf7 34. Rh3 Rh8 35. g3 Nc6 36. f4 Nd4 37. Kg2 Kg7 38. Rxh4 Rxh4 39. gxh4 Nc6 40. Kf2 Nd8 41. Rg1+ Kh7 42. h5 a6 43. Rb1 Kh6 44. Rxb6 Kxh5 45. Rxa6 Kg4 46. Ke3 1-0

[Event "Sao Paulo op-A 2nd"]
[Site "Sao Paulo"]
[Date "2015.02.08"]
[Round "5"]
[White "Zimmermann, Kleber Renato P"]
[Black "Pereira, Jorge Luiz Rodrigue"]
[Result "1/2-1/2"]
[WhiteElo "1957"]
[BlackElo "1866"]
[PlyCount "136"]
[EventDate "2015.02.05"]
[EventType "swiss"]
[EventRounds "6"]
[EventCountry "BRA"]
[SourceTitle "CBM 164 Extra"]
[Source "ChessBase"]
[SourceDate "2015.03.02"]
[SourceVersion "1"]
[SourceVersionDate "2015.03.02"]
[SourceQuality "1"]

1. d4 f5 2. e4 fxe4 3. Nc3 Nf6 4. Bg5 c6 5. f3 d5 6. fxe4 dxe4 7. Bc4 Bf5 8. Nge2 Nbd7 9. 0-0 Bg6 10. Nf4 Qa5 11. Ne6 Bf7 12. Qd2 Bxe6 13. Bxe6 0-0-0 14. Nxe4 Qxd2 15. Nxd2 h6 16. Bf4 Nd5 17. Be5 Ne3 18. Rf3 Nd5 19. Bg3 Nc7 20. Bh3 Kb8 21. Bxd7 Rxd7 22. Raf1 Rd8 23. Nb3 b6 24. d5 c5 25. c4 Kb7 26. Bxc7 Kxc7 27. Nc1 g5 28. Rf7 Rg8 29. Ne2 Kd7 30. Ng3 Bg7 31. b3 Rdf8 32. R1f3 Rxf7 33. Rxf7 Ke8 34. Rf5 Rf8 35. Rxf8+ Bxf8 36. Nf5 Kd7 37. g4 e6 38. dxe6+ Kxe6 39. Kg2 h5 40. Kf3 h4 41. Ke4 h3 42. Ne3 Bd6 43. Nd1 Bxh2 44. Nf2 Bf4 45. Nxh3 Bc1 46. Ng1 Bd2 47. Nf3 Bf4 48. Ne1 Be5 49. Nd3 Bc3 50. Kf3 Bd2 51. Ke2 Bc3 52. Kd1 Bd4 53. Kc2 Kd6 54. a3 a5 55. a4 Ke6 56. Kd2 Kd6 57. Ke2 Ke6 58. Kf3 Bc3 59. Ke4 Ba1 60. Ne1 Be5 61. Nc2 Bf4 62. Na3 Bh2 63. Nb5 Be5 64. Na7 Bc7 65. Nb5 Be5 66. Na7 Bc7 67. Nc8 Kd7 68. Na7 Ke6 1/2-1/2

[Event "Sao Paulo Big Fun op"]
[Site "Sao Paulo"]
[Date "2014.09.26"]
[Round "2"]
[White "Aranha Filho, Alvaro Zimmermann"]
[Black "Pereira, Jorge Luiz Rodrigue"]
[Result "1-0"]
[WhiteElo "2270"]
[BlackElo "1918"]
[PlyCount "71"]
[EventDate "2014.09.25"]
[EventType "swiss"]
[EventRounds "6"]
[EventCountry "BRA"]
[SourceTitle "CBM 162 Extra"]
[Source "ChessBase"]
[SourceDate "2014.10.17"]
[SourceVersion "1"]
[SourceVersionDate "2014.10.17"]
[SourceQuality "1"]

1. d4 Nf6 2. c4 g6 3. g3 d5 4. cxd5 Nxd5 5. e4 Nb6 6. Bg2 Bg7 7. Ne2 0-0 8. 0-0 c5 9. d5 Na6 10. Nbc3 Bg4 11. f3 Bd7 12. f4 Bg4 13. h3 Bxe2 14. Nxe2 Qd7 15. a4 Nc4 16. e5 Nb4 17. Nc3 Rac8 18. b3 Na5 19. Ba3 b6 20. Rb1 Rfd8 21. Bxb4 cxb4 22. Nb5 a6 23. Nd4 e6 24. d6 Rc3 25. Kh2 Rdc8 26. Qe2 Qa7 27. Rfd1 Rd8 28. Rd3 Rcc8 29. Qd2 Qd7 30. Qxb4 Rb8 31. Rc1 Rdc8 32. Rdc3 Rxc3 33. Rxc3 Bf8 34. Rc7 Qd8 35. Qc3 Qe8 36. b4 1-0

[Event "Sao Paulo Braga op"]
[Site "Sao Paulo"]
[Date "2014.08.01"]
[Round "2"]
[White "Camargo, Luca Oshiro"]
[Black "Pereira, Jorge Luiz Rodrigue"]
[Result "0-1"]
[WhiteElo "1476"]
[BlackElo "1912"]
[PlyCount "64"]
[EventDate "2014.08.01"]
[EventType "swiss"]
[EventRounds "6"]
[EventCountry "BRA"]
[SourceTitle "EXT 2016"]
[Source "ChessBase"]
[SourceDate "2015.10.08"]
[SourceVersion "1"]
[SourceVersionDate "2015.10.08"]
[SourceQuality "1"]

1. e4 c5 2. d4 cxd4 3. c3 d5 4. exd5 Nf6 5. cxd4 Nxd5 6. Nf3 Nc6 7. Bc4 e6 8. Nc3 Bb4 9. Bd2 Nb6 10. Bb5 0-0 11. 0-0 Nxd4 12. Nxd4 Qxd4 13. Qc2 a6 14. Bd3 f5 15. Rad1 Qf6 16. a3 Be7 17. Qb3 Nd7 18. Bf4 Nc5 19. Qb6 Nxd3 20. Rxd3 Bd8 21. Qe3 b5 22. Re1 Qf7 23. Bd6 Re8 24. Nd5 Bb7 25. Nf4 Be4 26. Rd2 Bg5 27. f3 e5 28. Bxe5 Rxe5 29. fxe4 Rxe4 30. Qg3 Bxf4 31. Qf2 Rxe1+ 32. Qxe1 Bxd2 0-1

[Event "Sao Paulo CXSP Livraria 2nd"]
[Site "Sao Paulo"]
[Date "2014.05.18"]
[Round "5.4"]
[White "Pereira, Jorge Luiz Rodrigue"]
[Black "Vieira, Alexandre Letizio"]
[Result "1-0"]
[WhiteElo "1874"]
[BlackElo "1793"]
[PlyCount "87"]
[EventDate "2014.05.16"]
[EventType "swiss"]
[EventRounds "5"]
[EventCountry "BRA"]
[SourceTitle "EXT 2022"]
[Source "ChessBase"]
[SourceDate "2021.10.06"]
[SourceVersion "1"]
[SourceVersionDate "2021.10.06"]
[SourceQuality "1"]

1. e4 c5 2. Nf3 d6 3. c3 Nc6 4. Be2 g6 5. 0-0 Bg7 6. d4 cxd4 7. cxd4 Bg4 8. d5 Bxf3 9. Bxf3 Ne5 10. Be2 a6 11. Nc3 Nf6 12. Qb3 Rb8 13. Be3 b5 14. f3 0-0 15. Rac1 Nc4 16. Bxc4 bxc4 17. Qxc4 Rxb2 18. Qxa6 Nh5 19. Qa3 Rb8 20. Ne2 Bb2 21. Qa7 Ra8 22. Qb7 Bxc1 23. Rxc1 Rxa2 24. Nd4 Qb8 25. Qxe7 Qb2 26. Qg5 Ra1 27. Nf5 Rxc1+ 28. Bxc1 Qe2 29. Ne7+ Kh8 30. Bd2 Qd3 31. g4 Ng7 32. Qe3 Qxe3+ 33. Bxe3 Re8 34. Bg5 h6 35. Bf6 Kh7 36. e5 dxe5 37. d6 Rb8 38. Bxe5 Rb1+ 39. Kf2 Rd1 40. Ke2 Rh1 41. Bxg7 Rxh2+ 42. Ke3 Ra2 43. Bf6 Ra6 44. Nc8 1-0

[Event "Bairro op"]
[Site "Bairro Buritizal"]
[Date "2014.04.12"]
[Round "3"]
[White "Pereira, Jorge Luiz Rodrigue"]
[Black "Pires, Marcos Vinicius Tor"]
[Result "0-1"]
[WhiteElo "1874"]
[BlackElo "2226"]
[PlyCount "72"]
[EventDate "2014.04.11"]
[EventType "swiss"]
[EventRounds "6"]
[EventCountry "BRA"]
[SourceTitle "CBM 160 Extra"]
[Source "ChessBase"]
[SourceDate "2014.07.01"]
[SourceVersion "1"]
[SourceVersionDate "2014.07.01"]
[SourceQuality "1"]

1. d4 d5 2. c4 c6 3. Nc3 dxc4 4. e4 b5 5. a4 b4 6. Na2 e6 7. Bxc4 Nf6 8. e5 Nd5 9. Nf3 Be7 10. Bd2 a5 11. 0-0 Ba6 12. Qe2 Qb6 13. Nc1 0-0 14. Nb3 Nd7 15. Bg5 Bxc4 16. Qxc4 f6 17. exf6 gxf6 18. Bh6 Rfe8 19. Rac1 Rac8 20. Nc5 Nf8 21. Rfe1 Kf7 22. Bxf8 Bxf8 23. Qd3 Kg8 24. Nxe6 Bh6 25. Qf5 Bxc1 26. Qg4+ Bg5 27. Nfxg5 Re7 28. Nxh7+ Kxh7 29. Qh5+ Kg8 30. Re4 Rh7 31. Qg6+ Kh8 32. Rh4 Qb7 33. Rg4 Qf7 34. Qf5 Re8 35. Re4 Rg8 36. Nc5 Qg6 0-1

[Event "Mogi das Cruzes op 09"]
[Site "Mogi das Cruzes"]
[Date "2013.09.29"]
[Round "7"]
[White "Pereira, Jorge Luiz Rodrigue"]
[Black "Santos, Marcos Correia"]
[Result "1-0"]
[WhiteElo "1948"]
[BlackElo "1812"]
[PlyCount "61"]
[EventDate "2013.09.26"]
[EventType "swiss"]
[EventRounds "7"]
[EventCountry "BRA"]
[SourceTitle "CBM 156 Extra"]
[Source "ChessBase"]
[SourceDate "2013.10.22"]
[SourceVersion "1"]
[SourceVersionDate "2013.10.22"]
[SourceQuality "1"]

1. e4 c5 2. Nf3 d6 3. d4 cxd4 4. Nxd4 Nf6 5. Nc3 a6 6. Bg5 e6 7. f4 Be7 8. Qf3 Qb6 9. 0-0-0 Nc6 10. Nb3 Qc7 11. Kb1 b5 12. e5 dxe5 13. fxe5 Nd7 14. Bf4 Bb7 15. Qg3 g6 16. Re1 b4 17. Na4 Rc8 18. Bd3 Qd8 19. Rd1 Qc7 20. Rhe1 Bf8 21. Qe3 Bg7 22. Nac5 Nxc5 23. Nxc5 a5 24. Bb5 Qb6 25. Nxe6 Qxb5 26. Nxg7+ Ke7 27. Bg5+ Kf8 28. Bh6 Ke7 29. Qg5+ Kf8 30. Nf5+ Kg8 31. Qf6 1-0

[Event "Mogi das Cruzes op 09"]
[Site "Mogi das Cruzes"]
[Date "2013.09.28"]
[Round "5"]
[White "Pereira, Jorge Luiz Rodrigue"]
[Black "Saito, Helio Tsutomu"]
[Result "0-1"]
[WhiteElo "1948"]
[BlackElo "1652"]
[PlyCount "52"]
[EventDate "2013.09.26"]
[EventType "swiss"]
[EventRounds "7"]
[EventCountry "BRA"]
[SourceTitle "CBM 156 Extra"]
[Source "ChessBase"]
[SourceDate "2013.10.22"]
[SourceVersion "1"]
[SourceVersionDate "2013.10.22"]
[SourceQuality "1"]

1. d4 Nf6 2. c4 e6 3. Nf3 b6 4. g3 Bb7 5. Nc3 Bb4 6. Bg2 0-0 7. 0-0 Bxc3 8. bxc3 d6 9. Qb3 Nbd7 10. Rd1 Qc8 11. Ba3 Re8 12. Nd2 Bxg2 13. Kxg2 Qb7+ 14. f3 Ng4 15. Nf1 e5 16. d5 Nh6 17. e4 Qc8 18. Ne3 Nf8 19. Qc2 g6 20. Rf1 f5 21. Bc1 f4 22. Nd1 g5 23. Nf2 Ng6 24. Nh3 g4 25. Ng5 gxf3+ 26. Rxf3 Qg4 0-1

[Event "Mogi das Cruzes op 09"]
[Site "Mogi das Cruzes"]
[Date "2013.09.28"]
[Round "4"]
[White "Sousa, Fabio de Fatima"]
[Black "Pereira, Jorge Luiz Rodrigue"]
[Result "1-0"]
[WhiteElo "1761"]
[BlackElo "1948"]
[PlyCount "95"]
[EventDate "2013.09.26"]
[EventType "swiss"]
[EventRounds "7"]
[EventCountry "BRA"]
[SourceTitle "CBM 156 Extra"]
[Source "ChessBase"]
[SourceDate "2013.10.22"]
[SourceVersion "1"]
[SourceVersionDate "2013.10.22"]
[SourceQuality "1"]

1. e4 c5 2. Nf3 d6 3. d4 cxd4 4. Nxd4 Nf6 5. Nc3 a6 6. Be3 Ng4 7. Bg5 h6 8. Bh4 g5 9. Bg3 Bg7 10. Be2 Ne5 11. 0-0 Nbc6 12. Nb3 Be6 13. Nd5 Ng6 14. c3 0-0 15. f4 gxf4 16. Nxf4 Qb6+ 17. Kh1 Bxb3 18. axb3 Nce5 19. Nh5 Qe3 20. Bf4 Qxe4 21. Ra4 Qc6 22. Qd2 Nxf4 23. Raxf4 Ng6 24. Rg4 Qc5 25. Nxg7 Kxg7 26. h4 f5 27. Rg3 Qe5 28. Rff3 f4 29. Rg4 Qf5 30. Rfxf4 Qb1+ 31. Kh2 Rxf4 32. Qxf4 Rf8 33. Qd4+ e5 34. Qxd6 Qf5 35. Rg3 Rf6 36. Qd1 Kh7 37. h5 Nf4 38. Bg4 Qg5 39. Qd7+ Kh8 40. Bh3 Nxh3 41. Rxg5 Nxg5 42. Qe8+ Kg7 43. Qxe5 b6 44. b4 Nf7 45. Qd4 Ng5 46. c4 Ne6 47. Qd7+ Kg8 48. Qe7 1-0